| 000 | 00482nam a2200157 a 4500 | ||
|---|---|---|---|
| 001 | 000035408 | ||
| 005 | 20200930074324.0 | ||
| 008 | 111031s1959 ag a 000 0 spa d | ||
| 040 |
_aDO-SdBNP _bspa _cBNPHU |
||
| 082 |
_axxxx _bxxxx |
||
| 100 | 1 |
_aCanals Frau, Salvador _961238 |
|
| 245 | 1 | 4 |
_aLas civilizaciones prehispánicas de américa / _cSalvador Canals Frau. |
| 250 | _a2a ed. | ||
| 260 |
_aBuenos Aires, : _bEditorial sudamericana, _c1959. |
||
| 300 |
_a639 p. : _bil. ; _c24 cm. |
||
| 999 |
_c34899 _d34899 |
||